| 000 | 01020nam a22002057a 4500 | ||
|---|---|---|---|
| 999 |
_c61981 _d61981 |
||
| 003 | Ge_BSU | ||
| 005 | 20240618165047.0 | ||
| 008 | 240618s1975 ge ||||| |||| 00| 0 geo d | ||
| 041 | _ageo | ||
| 080 | _a615.838(479.22) ფ-30 | ||
| 100 |
_aფარჯანაძე, შ. _911562 |
||
| 245 |
_aბორჯომი ბალნეოლოგიური კურორტი / _cშ. ფარჯანაძე, ვ. მახათაძე.; რედ. შ. ჭალაგანიძე. |
||
| 264 |
_aთბილისი : _bსაბჭოთა საქართველო, _c1975. |
||
| 300 |
_a72 გვ.: _bილ.; _c18 სმ. |
||
| 653 | _aსაქართველოს ბალნეოლოგიური კურორტები | ||
| 653 | _a კურორტი ბორჯომი | ||
| 700 |
_aმახათაძე, ვ. _eავტორი _922480 |
||
| 700 |
_aჭალაგანიძე, შ. _eრედაქტორი _922481 |
||
| 942 |
_2udc _cᲬᲘᲒᲜᲘ |
||